Предпринимательское право России: курс лекций

Bibliographische Detailangaben
1. Verfasser: Беляева О. А. Ольга Александровна
Zusammenfassung:Исключено из фонда НТБ ТПУ
Sprache:Russisch
Veröffentlicht: Москва, Юстицинформ, 2007
Ausgabe:3-е изд., перераб. и доп.
Schriftenreihe:Образование
Format: MixedMaterials Buch
KOHA link:https://koha.lib.tpu.ru/cgi-bin/koha/opac-detail.pl?biblionumber=103761

MARC

LEADER 00000nam0a2200000 4500
001 103761
005 20231031113746.0
010 |a 5720507663 
035 |a (RuTPU)RU\TPU\book\111859 
090 |a 103761 
100 |a 20061020d2007 m y0rusy50 ca 
101 0 |a rus 
102 |a RU 
105 |a y j 000zy 
200 1 |a Предпринимательское право России  |e курс лекций  |f О. А. Беляева 
205 |a 3-е изд., перераб. и доп. 
210 |a Москва  |c Юстицинформ  |d 2007 
215 |a 132 с. 
225 1 |a Образование 
333 |a Исключено из фонда НТБ ТПУ 
700 1 |a Беляева  |b О. А.  |g Ольга Александровна 
801 1 |a RU  |b 63413507  |c 20061020  |g PSBO 
801 2 |a RU  |b 63413507  |c 20220607  |g PSBO 
942 |c BK 
959 |a 89/20061012  |d 1  |e 89,76  |f ЧЗГЛ:1